Swiss neutrality, its history and meaning /

Bibliographic Details
Main Author: Bonjour, Edgar, 1898-
Other Authors: Hottinger, Mary
Format: Book
Language:English
Published: London : G. Allen & Unwin, ltd, [1946]
Subjects:

MARC

Tag First Indicator Second Indicator Subfields
LEADER 00000cam a2200000 4500
001 in00000060115
005 20151008051601.0
008 761026r1946 enk 00000 eng
010 |a  46020097  
035 |a (OCoLC)02531836 
035 |9 AAG8807AM 
040 |a DLC  |c OHI  |d TXA  |d UtOrBLW 
049 |a TXAM  |c [222567] 
050 0 0 |a JX4033.S9  |b .B57 
082 1 |a 341.3 
092 |a 341.3  |b B715s 
100 1 |a Bonjour, Edgar,  |d 1898- 
245 1 0 |a Swiss neutrality, its history and meaning /  |c by Edgar Bonjour... Translated by Mary Hottinger. 
264 1 |a London :  |b G. Allen & Unwin, ltd,  |c [1946] 
300 |a 135 pages ;  |c 19 cm. 
336 |a text  |b txt  |2 rdacontent 
337 |a unmediated  |b n  |2 rdamedia 
338 |a volume  |b nc  |2 rdacarrier 
500 |a "First published in Great Britain in 1946." 
650 0 |a Neutrality  |z Switzerland. 
700 1 |a Hottinger, Mary. 
999 |a MARS 
999 f f |s b4c4346d-8e4b-3df8-8356-d2398dca85ce  |i bde5319a-6f68-394e-8450-efd7402b6738  |t 0 
952 f f |p ric  |a Texas A&M University  |b Rellis Campus  |c Joint Library Facility  |d Remote Storage  |t 0  |e JX4033.S9 .B57  |h Library of Congress classification  |i unmediated -- volume  |m A14800783930 
998 f f |a JX4033.S9 .B57  |t 0  |l Remote Storage